000 00471nam a22001697a 4500
003 OSt
008 260508b |||||||| |||| 00| 0 eng d
082 _a633
_bA61S
100 _aKumar, Anirudh
245 _aSystems of Cropping and Fertility Levels in Chickpea-Wheat Crop Combinations under Limited Supply of Irrigation
260 _aPusa, Samastipur
_bRAU
_c1987
300 _a111P.
502 _bMsc.
_d1987
650 _aAgronomy
650 _aMsc.
942 _2ddc
_cT
999 _c50509
_d50509